000 00319nam a2200133Ia 4500
008 100328s9999 xx 000 0 und d
082 _b2072
100 _aSlim William
245 _aDefeat Into Victory
260 _bCassell & Co.
630 _aDefeat Into Victory
730 _aDefeat Into Victory
942 _cBOOK
999 _c498305
_d498302